Statistics for Top 10 Poorest Countries (By GDP per capita)

Click here to take the quiz!

General Stats

  • This quiz has been taken 91 times
  • The average score is 6 of 10

Answer Stats

HintAnswerGDP per Capita% Correct
5thNiger$1,114
80%
3rdBurundi$818
70%
1stCentral African Republic$656
67%
6thMalawi$1,139
61%
9thEritrea$1,322
60%
4thLiberia$882
60%
8thGuinea$1,271
56%
7thMozambique$1,228
51%
2ndDemocratic Republic of the Congo$785
48%
10thMadagascar$1,505
38%

Score Distribution

Percentile by Number Answered

Percent of People with Each Score

Your Score History

You have not taken this quiz